000 00524nam a2200181Ia 4500
005 20250423100414.0
008 250422s9999 xx 000 0 und d
020 _a9781517912116
050 _aTR 692.5 .P37/
100 _aParikka, Jussi
245 0 _aOperational images
260 _aMinneapolis
260 _bUniversity of Minnesota Press
260 _c2023
300 _a276 p
650 _aPhotography--Scientific applications. Operationalism. Photography--Philosophy. Photography--Social aspects.
942 _cBK
999 _c33205
_d33205